[Event "Aimchess US Rapid Prelims 2021"]
[Site "Chess24"]
[Date "2021.08.25"]
[Round "1.1"]
[White "Dominguez Perez, Leinier"]
[Black "Duda, Jan-Krzysztof"]
[Result "1-0"]
[WhiteElo "2758"]
[BlackElo "2738"]
[Annotator "TA"]
[PlyCount "125"]
[EventDate "2021.08.28"]
[EventType "tourn"]
[EventCountry "NET"]
[Tiebreak "Direct encounter+Number of wins+Koya"]
[SourceTitle "playchess.com"]
[Source "ChessBase"]
[SourceQuality "1"]

{[%evp 12,125,45,0,29,15,16,14,46,-25,25,-22,-25,-14,-25,-16,-10,-18,-3,-27,
-39,-80,-51,-52,-42,-76,-39,-106,-20,-108,-108,-127,-95,-109,-82,-99,-90,-159,
-67,-95,-93,-127,-30,-36,-44,-35,0,0,0,0,0,0,226,226,214,218,218,218,341,343,
327,318,336,321,353,330,319,268,404,404,382,390,382,369,375,364,337,200,205,
203,195,136,159,159,213,207,308,301,287,198,202,192,775,749,792,477,1538,1415,
937,864,5398,5310,29964,4141,29978,29979,29979,29980,29984,29983,29986,29982,
29996,29997,29997,29998]} 1. e4 c5 2. Nf3 d6 3. d4 cxd4 4. Nxd4 Nf6 5. Nc3 a6
6. Be3 Ng4 7. Bc1 Nc6 {B90: Sicilian Najdorf: Unusual White 6th moves, 6 Be3
Ng4 and 6 Be3 e5.} 8. Be2 {aiming for Nxc6.} Qb6 9. Bxg4 Qxd4 {The position is
equal.} 10. Qe2 $5 {[%mdl 4] [#] Exploring less charted territory.} (10. Qxd4
$14 Nxd4 11. Bd1) 10... Ne5 $146 ({Predecessor:} 10... e6 11. O-O Be7 12. Rd1
Qb6 13. Be3 Qxb2 14. Na4 Qb5 15. Qxb5 axb5 16. Nb6 Rb8 {1-0 (29) Smirnov,P 
(2566)-Khatoev,E (2283) Barnaul 2011}) 11. Bxc8 (11. h3 {looks sharper.} Bxg4
12. hxg4 Rc8 13. Nd1 Qc4 14. Qxc4 Rxc4 15. Ne3) 11... Rxc8 12. O-O e6 13. Rd1
Qc4 14. Qxc4 Rxc4 15. a4 Be7 16. f3 g5 17. Be3 Kd7 18. a5 g4 19. Kf2 (19. f4
$15 Nc6 20. Rd3) 19... Rg8 (19... gxf3 $17 20. gxf3 Bf6) 20. Bf4 (20. f4 $11 {
keeps the balance.} g3+ 21. Ke2) 20... Ng6 $17 21. Be3 gxf3 22. gxf3 Bh4+ 23.
Ke2 Bf6 24. Ra3 (24. Ra4 $142 Ne5 25. f4 Rg2+ {[%mdl 64] Double Attack} 26. Bf2
) 24... Rb4 (24... Ne5 $17 {Strongly threatening ...Rg2+.} 25. Rg1 Rxg1 26.
Bxg1 Rb4) 25. Rb3 Rxb3 26. cxb3 Be5 (26... Ne5 $17 {Threatens to win with ...
Rg2+.} 27. Rg1 Rxg1 28. Bxg1 Nc6) 27. Na4 $1 $11 Nf4+ 28. Kf1 $1 Ng2 29. Bf2
Bf4 30. Rd3 Bxh2 31. Rc3 {Black must now prevent Nb6+.} d5 $2 {[#]} (31... Rg5
$11 {and Black stays safe.}) 32. Nb6+ $1 $18 {[%mdl 1024] White has strong
compensation.} Ke7 33. Bc5+ (33. exd5 Be5 $11) 33... Kd8 34. Rc2 Bd6 {[#]} (
34... Be5 $142 35. Rxg2 Rxg2 36. Kxg2 Kc7) 35. Bd4 $1 {[%cal Rd4f6] Intending
Bf6+ and mate.} ({Less strong is} 35. exd5 Rg5 $14) 35... Rg6 36. Rxg2 Rxg2 37.
Kxg2 dxe4 38. fxe4 f5 39. Nc4 Bf8 (39... Bc7 $142 40. Kf3 Kd7 41. Ne5+ Ke7) 40.
exf5 exf5 41. Ne3 f4 42. Nd5 Kd7 43. Kf3 Kc6 44. Nxf4 (44. Nf6 $142) 44... Bb4
45. Bc3 Kb5 46. Ke4 ({Better is} 46. Be5 $18) 46... Bxa5 $16 47. Kd5 {White
wants to mate with Bxa5.} Bb6 (47... Bxc3 $16 {was called for.} 48. bxc3 a5)
48. Ne6 $18 a5 (48... Be3 {was worth a try.} 49. Ke4 Bc1) 49. Nd4+ Ka6 50. Nf5
Bf2 51. Kc4 b5+ $2 (51... h5 52. Kd3 b5) 52. Kd5 Kb6 53. Bf6 a4 (53... Kc7 $142
54. Nd6 h5 55. Nxb5+ Kb6) 54. b4 Be1 55. Bd4+ Ka6 56. Kc5 h5 57. Bf6 (57. Nd6
$142 Ka7 58. Kxb5+ Kb8 59. Kc5 h4 60. b5 Bg3 61. Nf5 Bf4 62. Nxh4) 57... Bf2+
58. Kc6 {White mates.} Be1 59. Be7 Bf2 60. Bc5 Be1 61. Nd4 h4 62. Nxb5 {
[%cal Rb5c7]} Bg3 63. Na3 {Weighted Error Value: White=0.27/Black=0.53} 1-0

[Event "Aimchess US Rapid Prelims 2021"]
[Site "Chess24"]
[Date "2021.08.25"]
[Round "1.2"]
[White "Mamedyarov, Shakhriyar"]
[Black "Vachier-Lagrave, Maxime"]
[Result "1/2-1/2"]
[WhiteElo "2782"]
[BlackElo "2751"]
[Annotator "TA"]
[PlyCount "61"]
[EventDate "2021.08.28"]
[EventType "tourn"]
[EventCountry "NET"]
[Tiebreak "Direct encounter+Number of wins+Koya"]
[SourceTitle "playchess.com"]
[Source "ChessBase"]
[SourceQuality "1"]

{[%evp 24,61,19,13,9,16,6,7,16,15,12,11,16,16,16,0,0,0,0,0,0,0,0,0,0,0,0,0,0,0,
0,0,0,0,0,0,0,0,0,0]} 1. d4 Nf6 2. c4 g6 3. g3 c6 4. Bg2 d5 5. cxd5 cxd5 6. Nc3
Bg7 7. Nf3 Ne4 8. Ne5 Nxc3 9. bxc3 Nc6 10. Nxc6 bxc6 11. O-O O-O 12. Qa4 Qb6
13. Ba3 {The position is equal.} Qa6 {D79: Fianchetto Grünfeld: Symmetrical
Variation (6 0-0 c6 7 cxd5 cxd5).} 14. Qxa6 Bxa6 15. Rfb1 Rfb8 16. Bxe7 Bxe2
17. Bf1 Bxf1 18. Kxf1 Bf8 19. Bxf8 (19. Bc5 {with more complications.} a5 20.
Ke2 Re8+ 21. Kd3 Bxc5 22. dxc5 Re4 23. Rb6) 19... Kxf8 $11 {[%mdl 4096]
Endgame KRR-KRR} 20. Ke2 Ke7 21. Kd3 Kd6 22. Rb3 Rb6 23. Rab1 Rab8 {[#]} 24. h4
$146 ({Predecessor:} 24. c4 dxc4+ 25. Kxc4 R8b7 26. h4 h5 27. R1b2 Rb8 28. Rb1
R8b7 29. R1b2 Rb8 30. Rb1 R8b7 {1/2-1/2 (30) Grischuk,A (2778)-Mamedyarov,S 
(2782) Zagreb 2021}) 24... h5 25. R1b2 Rxb3 26. axb3 {KR-KR} a5 27. Kc2 Re8 28.
Kd2 Rb8 29. Kc2 Re8 30. Kd2 Rb8 31. Kc2 {An uneventful encounter.  Weighted
Error Value: White=0.01/Black=0.01} 1/2-1/2

[Event "Aimchess US Rapid Prelims 2021"]
[Site "Chess24"]
[Date "2021.08.25"]
[Round "1.3"]
[White "Artemiev, Vladislav"]
[Black "Hansen, Eric"]
[Result "1-0"]
[WhiteElo "2704"]
[BlackElo "2606"]
[Annotator "TA"]
[PlyCount "91"]
[EventDate "2021.08.28"]
[EventType "tourn"]
[EventCountry "NET"]
[Tiebreak "Direct encounter+Number of wins+Koya"]
[SourceTitle "playchess.com"]
[Source "ChessBase"]
[SourceQuality "1"]

{[%evp 11,91,0,0,0,0,0,0,0,8,0,0,0,22,27,31,24,21,0,6,13,12,0,0,0,0,0,0,-12,0,
5,6,0,5,13,12,6,10,11,109,23,30,0,0,0,0,0,0,0,0,0,0,0,39,16,126,133,158,158,
142,150,150,149,242,237,270,255,273,278,268,275,310,320,313,312,303,304,662,
627,659,658,657,646]} 1. Nf3 d5 2. g3 g6 3. Bg2 Bg7 4. O-O e5 5. d3 Ne7 6. e4
O-O 7. a4 $5 {[%mdl 4] A promising side line. A07: Réti Opening: New York and
Capablanca Systems.} Nbc6 8. c3 a5 9. Na3 {The position is equal.} h6 10. Nb5
Be6 11. Re1 Qd7 12. d4 {[#]} exd4 $146 ({Predecessor:} 12... dxe4 13. Nxe5 Nxe5
14. dxe5 Qxd1 15. Rxd1 Rad8 16. Be3 c6 17. Nd6 Bxe5 18. Nxb7 Rxd1+ 19. Rxd1 {
1/2-1/2 (41) Artemiev,V (2704)-Nepomniachtchi,I (2792) Moscow 2021}) 13. Nfxd4
Bg4 14. Bf3 Bxf3 15. Nxf3 Rad8 16. Bf4 dxe4 17. Qxd7 Rxd7 18. Rxe4 Nd5 19. Bd2
Rfd8 20. Rae1 f5 21. R4e2 Kf7 22. h4 Nb6 23. b3 Nd5 24. Kg2 b6 (24... Nf6 $11)
25. Kh3 ({Better is} 25. Re6 $16 Nce7 26. Nbd4) 25... Nf6 26. Bf4 (26. Nbd4 $5
Nxd4 27. Ne5+ Kg8 28. cxd4 Rxd4 29. Bc1 $11) 26... Nd5 27. Be5 Nxe5 28. Nxe5+
Bxe5 29. Rxe5 Nf6 30. Nd4 Ne4 31. Nc6 $36 {[%mdl 2048] [#] Threatens to win
with f3. White is pushing.} Rf8 32. f3 Nf2+ (32... Nxc3 $11 {remains equal.}
33. R5e3 Rd1) 33. Kg2 $16 Nd3 34. Re7+ Rxe7 35. Rxe7+ {[%mdl 4096] Endgame
KRN-KRN} Kf6 36. Rxc7 Re8 (36... Rf7 $16 37. Rc8 Rd7) 37. Nd4 $18 Re1 38. Rc6+
Kf7 39. h5 gxh5 40. Rxb6 Rc1 41. Rxh6 Rxc3 42. Rxh5 Kg6 43. Rxf5 Nc5 $2 (43...
Rxb3 44. Rxa5 Rb2+ 45. Kf1 Rf2+ 46. Kg1 Ra2) 44. Rd5 {White is clearly winning.
} Kf6 45. g4 Nd3 {[#] Strongly threatening ...Nf4+.} 46. Kg3 {Weighted Error
Value: White=0.07/Black=0.25} 1-0

[Event "Aimchess US Rapid Prelims 2021"]
[Site "Chess24"]
[Date "2021.08.25"]
[Round "1.4"]
[White "Giri, Anish"]
[Black "Naroditsky, Daniel"]
[Result "1/2-1/2"]
[WhiteElo "2776"]
[BlackElo "2623"]
[Annotator "TA"]
[PlyCount "85"]
[EventDate "2021.08.28"]
[EventType "tourn"]
[EventCountry "NET"]
[Tiebreak "Direct encounter+Number of wins+Koya"]
[SourceTitle "playchess.com"]
[Source "ChessBase"]
[SourceQuality "1"]

{[%evp 20,85,28,26,40,41,38,30,36,27,38,39,30,31,58,9,8,0,0,0,0,0,0,-20,-21,
-37,-29,-46,-52,-64,-68,-63,-60,-62,-31,-42,-47,-50,-25,-27,-29,-38,0,0,-7,-14,
7,7,7,7,7,7,7,2,7,5,7,7,11,11,4,0,0,0,4,0,0,0]} 1. d4 Nf6 2. c4 g6 3. Nc3 Bg7
4. e4 d6 5. Nf3 O-O 6. Be2 e5 7. O-O exd4 8. Nxd4 Re8 9. f3 Nc6 10. Be3 Nh5 11.
Nc2 f5 $1 {The main line 11...f5 scores better than 11...Be5. E94: King's
Indian: Classical: 6 Be2 e5 7 0-0: Various Black 7th moves.} 12. Qd2 Nf6 13.
Bg5 Ne5 {White has an edge.} 14. exf5 Bxf5 15. Ne3 Be6 16. Ned5 Nf7 17. Bh4 {
[#]} Bxd5 $146 ({Predecessor:} 17... c6 18. Nxf6+ Bxf6 19. Bxf6 Qxf6 20. Rfe1
Qg5 21. Qxg5 Nxg5 22. Rad1 Rad8 23. Kf2 Kg7 {1-0 (52) Gonda,L (2538)-Kalegin,E
(2462) Budapest 2013}) 18. cxd5 Ne4 19. Nxe4 Qxh4 20. g3 Qh6 21. Qxh6 Nxh6 22.
Rac1 Re7 23. b3 Nf5 24. Bd3 Bb2 25. Rb1 {[%cal Rb1b2]} Bd4+ 26. Kh1 h6 27. Rfe1
Kg7 28. Nd2 Rae8 (28... Ne3 {seems wilder.} 29. Be4 Rae8 30. Rec1 b5 31. a4 b4)
29. Rxe7+ Rxe7 30. Be4 a5 31. Nc4 {The position is equal.} b6 32. Kg2 Ne3+ (
32... Kf6 {with more complications.} 33. g4 Nh4+ 34. Kg3 g5 35. Rd1 Bc5) 33.
Nxe3 Bxe3 $11 {[%mdl 4096] Endgame KRB-KRB} 34. Re1 Bc5 35. f4 Kf6 36. h4 h5
37. Re2 b5 38. Kf3 b4 39. Rg2 Rh7 40. Bd3 Re7 {[#] aiming for ...Re3+.} 41. Be4
Rh7 $1 42. Bd3 Re7 {Hoping for ...Re3+.} 43. Be4 {Weighted Error Value:
White=0.05/Black=0.06} 1/2-1/2

[Event "Aimchess US Rapid Prelims 2021"]
[Site "Chess24"]
[Date "2021.08.25"]
[Round "1.5"]
[White "Liang, Awonder"]
[Black "Firouzja, Alireza"]
[Result "1/2-1/2"]
[WhiteElo "2587"]
[BlackElo "2759"]
[Annotator "TA"]
[PlyCount "68"]
[EventDate "2021.08.28"]
[EventType "tourn"]
[EventCountry "NET"]
[Tiebreak "Direct encounter+Number of wins+Koya"]
[SourceTitle "playchess.com"]
[Source "ChessBase"]
[SourceQuality "1"]

{[%evp 19,68,29,29,29,32,32,35,29,27,40,22,18,24,25,58,29,43,27,45,29,43,43,45,
52,45,39,43,67,56,0,0,-66,-68,-222,-215,-194,-50,-56,-58,-54,-46,-57,-61,-61,
-51,-44,0,0,0,-38,0]} 1. e4 e5 2. Nf3 Nc6 3. Bb5 a6 4. Ba4 Nf6 5. O-O b5 6. Bb3
Bb7 7. d3 Bc5 8. Nc3 O-O 9. a4 Na5 10. axb5 Nxb3 11. cxb3 {C78: Ruy Lopez:
Archangelsk and Möller Defences.} axb5 12. Rxa8 Bxa8 13. Nxe5 {White is
slightly better.} b4 {has lost popularity (13...d5).} 14. Na4 Be7 15. Qc2 c5 {
[#]} 16. Be3 $146 (16. Nxc5 Bxc5 17. Qxc5 d6 $17) ({Predecessor:} 16. Rd1 Re8
17. Nf3 d6 18. Be3 Bc6 19. h3 Nd7 20. d4 Qa8 21. Nd2 cxd4 22. Bxd4 {0-1 (35)
Rozhnev,I (2183)-Potrata,J (2297) ICCF email 2013}) 16... d6 17. Nf3 Qb8 18. h3
Qb5 19. Re1 h6 20. Nh4 Re8 {Threatening ...Nxe4.} 21. Nf5 Bf8 {[%cal Rf6e4]}
22. Bf4 Re6 23. f3 d5 24. e5 (24. Be3 $14) 24... d4 $11 25. Bg3 ({White should
play} 25. exf6 $11 Rxe1+ 26. Kf2) 25... Nh5 {[%mdl 1024] Black has
compensation.} 26. Bh2 $2 (26. Nd6 $15 Bxd6 27. exd6 Nxg3 28. Rxe6 fxe6 29.
Nxc5) 26... g6 $19 27. Ng3 {[#]} Nf4 (27... Nxg3 $1 $19 28. Bxg3 Bd5) 28. Rd1
$1 $15 Nd5 {And now ...Ne3 would win.} 29. Nf1 Bb7 30. Rc1 Ba6 31. Qc4 ({
Don't blunder} 31. Nxc5 $2 Rc6 $19) 31... Qc6 32. Qc2 {[%cal Ra4c5]} Qb5 33.
Qc4 $1 {[%cal Rc4d5]} ({Not} 33. Nxc5 $2 Rc6 $19) 33... Qc6 34. Qc2 {[%cal
Ra4c5]} Qb5 {Weighted Error Value: White=0.16/Black=0.11} 1/2-1/2

[Event "Aimchess US Rapid Prelims 2021"]
[Site "Chess24"]
[Date "2021.08.25"]
[Round "1.6"]
[White "Aronian, Levon"]
[Black "Le, Quang Liem"]
[Result "1-0"]
[WhiteElo "2782"]
[BlackElo "2709"]
[Annotator "TA"]
[PlyCount "79"]
[EventDate "2021.08.28"]
[EventType "tourn"]
[EventCountry "NET"]
[Tiebreak "Direct encounter+Number of wins+Koya"]
[SourceTitle "playchess.com"]
[Source "ChessBase"]
[SourceQuality "1"]

{[%evp 12,79,40,30,35,35,35,28,32,32,27,29,56,79,68,60,56,58,53,76,83,60,68,66,
72,0,0,-7,-15,-34,-38,-101,110,-18,-20,-216,-91,-116,-31,-28,-57,-92,0,0,25,43,
50,43,179,-330,165,147,268,193,507,522,585,586,546,469,29937,12843,6540,5647,
29952,7395,6552,6551,29986,29987]} 1. e4 e5 2. Nf3 Nc6 3. Bb5 a6 4. Ba4 Nf6 5.
O-O Bc5 6. c3 b5 7. Bc2 d5 {C78: Ruy Lopez: Archangelsk and Möller Defences.}
8. a4 {[%cal Ba2a4,Ba4b5][%mdl 32] Strongly threatening exd5.} dxe4 9. axb5 $1
Bg4 {[%mdl 64] Pin. White has an edge.} 10. bxc6 {Hoping for d4.} exf3 11. gxf3
Bh3 {is the new trend.} 12. Re1 O-O 13. Ra5 $1 {[%cal Ra5c5]} Qd6 {And now ...
e4 would win.} 14. b4 Bxf2+ 15. Kxf2 e4 16. Kg1 {aiming for Rg5.} Rae8 $1 {
Threatens to win with ...exf3.} 17. Re3 {[%cal Rf3e4]} (17. Rxa6 exf3 18. Rf1
Re2 19. Rf2 Rxf2 20. Kxf2 Re8 21. Qg1 Ng4+ 22. Kxf3 Nxh2+ 23. Qxh2 Qxh2 24.
Bxh7+ Kxh7 25. d4 Qg2+ 26. Kf4 g5#) 17... Nh5 $1 {( -> ...Qg6+)} 18. f4 (18.
Rxh5 Qg6+ 19. Rg5 Qxg5+ 20. Kf2 Qg2+ 21. Ke1 Qf1#) (18. Rxe4 f5 $19) (18. Rg5
$1 $16 Qf6 19. f4 (19. Rxh5 Qg6+ {[%mdl 64] Double Attack} 20. Rg5 Qxg5+ 21.
Kf2 Qg2+ {[%mdl 64] Double Attack} 22. Ke1 Qf1#) 19... Qxf4 20. Rxh5 (20. Rxh3
Qxg5+ 21. Kh1 Nf4 $15)) 18... Nxf4 $40 {[%mdl 128] Black has some attack.} 19.
Rg5 (19. Rxa6 $2 Re6 $19) (19. Bxe4 $2 Rxe4 $1 {[%mdl 512]} 20. Rxe4 Qg6+ 21.
Kf2 Qxe4 $19) 19... f5 $1 {[#]} 20. Rgg3 $146 ({Predecessor:} 20. d4 Bg4 21.
Rxg4 fxg4 22. Qxg4 Nd3 23. Bxd3 exd3 24. Rxe8 Rxe8 25. Bf4 Qxc6 26. Be5 Qh6 27.
Bf4 Qc6 28. Be5 Qh6 29. Bf4 Qc6 {1/2-1/2 (29) Vachier Lagrave,M (2760)-Caruana,
F (2820) Bucharest 2021}) 20... Bg4 21. Qe1 ({White should play} 21. Qf1 $1 $15
Nh5 22. d4 (22. Qxa6 Nxg3 23. Qc4+ Kh8 $19)) 21... Nh5 $2 {[#]} (21... Qg6 $17
{stays on course. Black wants to play ...Nh3+.} 22. Qf1 {[%mdl 64] Double
Attack} Nh5) 22. d4 ({White must play} 22. Rxg4 $1 $16 fxg4 23. b5 (23. Rxe4
Qxc6 24. d4 g3 $11) (23. Bxe4 Nf4 $11) 23... axb5 24. Ba3 {[%mdl 64] Skewer}
Qxc6 25. Bxf8 (25. Bxe4 Qd7 $16) (25. Rxe4 Nf4 $15) 25... Rxf8 26. Bxe4) 22...
Nxg3 23. Rxg3 $2 {[#]} (23. hxg3 $11 {and White stays safe.} Qxc6 24. Nd2)
23... Bf3 (23... Bh5 $1 $19 {is more deadly.} 24. Rg5 Bf3) 24. Nd2 $17 f4 (
24... Qxc6 $17 {...f4 is the strong threat.} 25. Qf1 f4 26. Rxf3 exf3 27. Nxf3
Qxc3 {[%mdl 64] Double Attack}) 25. Rg5 $1 $15 Qf6 26. h4 h6 ({Black should try
} 26... Qxc6 $17 27. Rc5 (27. Nxf3 exf3 28. Re5 Rxe5 $17) 27... Qd7) 27. Nxf3
$11 hxg5 (27... exf3 $5 28. Re5 $8 Rxe5 {[%mdl 64] Overworked Piece} 29. Qxe5 (
29. dxe5 Qe6 $11) 29... Qxh4 30. Qe6+ Rf7 31. Qe8+ Rf8 32. Bb3+ Kh7 33. Bc2+
Kg8 34. Qe6+ (34. Bb3+ Kh7 $11) 34... Rf7 35. Qe8+ Rf8 $11) 28. Bb3+ Kh7 $1 29.
hxg5 Qf5 (29... Qxc6 $14 30. Bc2 Kg8 31. Bb3+ Kh7) 30. Qh4+ $18 {[%mdl 1024]
White has strong compensation.} Kg6 {[#]} 31. Bc2 $1 Re6 {[#]} (31... Kf7 $16)
(31... Re7 32. b5) 32. c4 $1 Kf7 $2 {[#]} (32... Re7 {is more resistant.} 33.
b5 axb5) (32... Ree8 33. d5) 33. d5 $1 {Black must now prevent Nd4.} Rg6 (33...
Re7 34. Nd4) 34. Qxf4 ({Inferior is} 34. Bxf4 Ke8 $11) 34... Qxf4 35. Bxf4 exf3
(35... Ke8 $18) 36. Bxg6+ Kxg6 37. Bxc7 {KR-KB} f2+ 38. Kf1 Kf5 39. d6 Ke4 40.
d7 {What a bad dream for Black.  Weighted Error Value: White=0.22/Black=0.95}
1-0

[Event "Aimchess US Rapid Prelims 2021"]
[Site "Chess24"]
[Date "2021.08.25"]
[Round "1.7"]
[White "Van Foreest, Jorden"]
[Black "Vidit, Santosh Gujrathi"]
[Result "0-1"]
[WhiteElo "2698"]
[BlackElo "2726"]
[Annotator "TA"]
[PlyCount "46"]
[EventDate "2021.08.28"]
[EventType "tourn"]
[EventCountry "NET"]
[Tiebreak "Direct encounter+Number of wins+Koya"]
[SourceTitle "playchess.com"]
[Source "ChessBase"]
[SourceQuality "1"]

{[%evp 15,46,-7,0,-47,-49,-54,-39,-40,-40,-48,-15,-12,-8,-6,-11,-6,-11,-9,-20,
-31,-6,-8,0,0,0,0,0,-938,-930,-926,-925,-864,-837]} 1. d4 Nf6 2. c4 e6 3. Nc3
Bb4 4. g3 O-O 5. Bg2 d5 6. Nf3 dxc4 7. O-O Nc6 8. a3 Be7 9. e4 {E20:
Nimzo-Indian: 4 g3 and 4 f3.} Na5 10. Be3 {10.Qe2 is not played anymore.} a6
11. Qc2 {Black is slightly better.} b5 12. Rad1 c6 13. d5 $1 {[%cal Rd5d6]}
exd5 14. exd5 Nxd5 ({Much weaker is} 14... cxd5 $6 15. Ng5 $16) 15. Nxd5 cxd5
16. Ng5 $1 {[%mdl 64] Decoy} Bxg5 17. Rxd5 {[%mdl 64] [#] Double Attack} Qe8
$146 ({Predecessor:} 17... Qc7 18. Rc5 Qe7 19. Rxg5 Bb7 20. Rh5 g6 21. Bc5 Qe6
22. Bxb7 Nxb7 23. Bxf8 gxh5 {0-1 (44) Akshat,K (2380)-Debashis,D (2508)
Kolkata 2014}) 18. Rxg5 {[#]} f6 $1 19. Rxg7+ (19. Bxa8 fxg5) 19... Kxg7 20.
Bxa8 Bh3 $36 {[%mdl 2048] Black has some pressure.} 21. Rd1 $2 {[%mdl 8192]}
Qxa8 $19 {[%csl Gh3][%cal Ra8g2] Black is clearly winning.} 22. f3 Qxf3 23. Re1
Nc6 {Weighted Error Value: White=0.35/Black=0.07} 0-1

[Event "Aimchess US Rapid Prelims 2021"]
[Site "Chess24"]
[Date "2021.08.25"]
[Round "1.8"]
[White "Carlsen, Magnus"]
[Black "So, Wesley"]
[Result "1-0"]
[WhiteElo "2847"]
[BlackElo "2772"]
[Annotator "TA"]
[PlyCount "109"]
[EventDate "2021.08.28"]
[EventType "tourn"]
[EventCountry "NET"]
[Tiebreak "Direct encounter+Number of wins+Koya"]
[SourceTitle "playchess.com"]
[Source "ChessBase"]
[SourceQuality "1"]

{[%evp 9,109,4,14,0,-19,-26,25,-18,-11,-6,2,-46,0,-7,0,-7,-14,-24,-22,-21,28,
27,27,22,13,31,17,11,29,15,27,32,87,85,89,85,95,94,94,94,91,91,97,98,96,93,95,
101,101,101,131,114,129,131,168,123,214,209,321,321,321,326,316,295,301,291,
260,227,338,309,332,268,714,722,1050,1059,714,714,714,316,295,283,1357,245,331,
316,6147,842,4849,4341,29947,29947,12848,29946,29947,29947,29946,12815,29957,
29946,29959,4610]} 1. d4 Nf6 2. c4 e6 3. Bf4 d5 4. cxd5 Nxd5 5. Bg3 {[#]} c5
$146 ({Predecessor:} 5... Nc6 6. e4 Bb4+ 7. Nd2 Nf6 8. d5 Nxe4 9. Ngf3 Nd4 10.
Bf4 Qf6 11. Be3 Nxf3+ 12. gxf3 Nxd2 13. Bxd2 Qxb2 14. Bxb4 Qxb4+ {0-1 (24)
McGuire,P (564)-Sabaxtarischvili,R (1379) LSS email 2009}) 6. e4 {A50: Queen's
Fianchetto Defence (1 d4 Nf6 2 c4 b6).} Nf6 7. Nd2 Nc6 (7... Qxd4 $142 8. Ngf3
Qd8) 8. e5 {White has an edge.} Nd7 9. Ngf3 cxd4 10. Bc4 Be7 11. O-O O-O 12.
Rc1 Nc5 13. a3 a5 $1 14. Nb3 b6 15. Nbxd4 Nxd4 16. Nxd4 Bb7 17. Nb5 Ne4 18. Nd6
Qb8 19. Qd4 b5 20. Bxb5 Nxg3 ({Black should try} 20... Rd8 $14) 21. hxg3 $16
Bd5 22. Bc6 Bxd6 23. exd6 Ra6 24. Bxd5 Rxd6 {[%mdl 64] [#] Pin} 25. Rc5 Rxd5
26. Rxd5 exd5 27. Qxd5 Qxb2 28. Qxa5 {[%mdl 4096] Endgame KQR-KQR} g6 29. Qb4
$36 {[%mdl 2048] White is really pushing.} Qf6 30. a4 {[%cal Ba3a4,Ba4a5][%mdl
32]} Rc8 31. a5 h5 32. Qa4 {Threatens to win with a6.} Rc6 {[#]} (32... Ra8 $16
33. Re1 Ra6 34. Re8+ Kh7) 33. Qa1 $1 $18 Kg7 (33... Qe6 $142 34. Rb1 Qd6) 34.
Rb1 Qxa1 35. Rxa1 {KR-KR} Ra6 36. f3 Kf6 37. Kf2 Ke5 38. Ke3 Kd5 (38... g5 {
was called for.} 39. f4+ gxf4+ 40. gxf4+ Kd6) 39. Kf4 f6 40. g4 hxg4 $2 (40...
h4 41. Ra4 Ke6) 41. Kxg4 Ke5 42. f4+ Ke6 43. Ra2 Ke7 44. Kf3 (44. f5 $142 gxf5+
45. Kxf5) 44... Kd6 45. Ke4 Ke6 $2 (45... f5+ 46. Kd4 Kc7) 46. Ra1 $2 (46. f5+
gxf5+ 47. Kf4) 46... Kd6 47. f5 gxf5+ (47... g5 48. Kd4 Kc7) 48. Kxf5 Ke7 49.
Kg6 Ke6 50. Re1+ Kd7 51. g4 Kd8 52. Kf7 Rd6 53. Re4 Rc6 54. Rd4+ Kc8 55. Rf4 {
Weighted Error Value: White=0.25/Black=0.52} 1-0

[Event "Aimchess US Rapid Prelims 2021"]
[Site "Chess24"]
[Date "2021.08.25"]
[Round "2.1"]
[White "Duda, Jan-Krzysztof"]
[Black "So, Wesley"]
[Result "0-1"]
[WhiteElo "2738"]
[BlackElo "2772"]
[Annotator "TA"]
[PlyCount "72"]
[EventDate "2021.08.28"]
[EventType "tourn"]
[EventCountry "NET"]
[Tiebreak "Direct encounter+Number of wins+Koya"]
[SourceTitle "playchess.com"]
[Source "ChessBase"]
[SourceQuality "1"]

{[%evp 9,72,0,0,0,0,0,0,-42,-33,-42,-43,-55,-40,-43,0,0,69,62,66,54,82,88,68,
39,49,0,51,44,48,15,35,0,2,0,0,0,0,-9,22,0,0,0,0,0,0,0,0,0,0,0,34,0,166,-59,
-46,-46,-23,-28,-31,-43,-33,-526,-327,-627,-621]} 1. e4 e5 2. Nf3 Nc6 3. Nc3
Nf6 4. Bb5 Nd4 5. O-O c6 {aiming for ...Nxf3+.} 6. Bc4 {C48: Four Knights: 4
Bb5, replies other than 4...Bb4.} d6 {is now debated instead of 6...d5.} 7. h3
b5 8. Bd3 {[#] The position is equal.} Nxf3+ $146 ({Predecessor:} 8... Ne6 9.
Re1 Be7 10. a3 O-O 11. Bf1 Bb7 12. d4 exd4 13. Nxd4 Nxd4 14. Qxd4 c5 {1/2-1/2 
(51) Nitin,S (2381)-Sunilduth Lyna,N (2624) Tornelo INT 2021}) 9. Qxf3 g5 10.
Be2 g4 11. hxg4 Bxg4 12. Qe3 b4 (12... h5 $11) 13. Bxg4 $14 Nxg4 14. Qh3 Nf6
15. Ne2 Nxe4 16. d4 Qd7 17. Qf3 f5 ({Black should play} 17... d5 $11) 18. a3
bxa3 19. Rd1 Bg7 20. Qxa3 {f3 is the strong threat.} exd4 $1 21. f3 Nc5 22.
Nxd4 O-O 23. Bf4 Rfd8 24. Rd2 Ne6 25. Nxe6 Qxe6 26. c3 {[%cal Rd2d6]} d5 27.
Qa6 d4 28. Re2 Qd5 29. Kh2 d3 30. Re7 {Threatens to win with Ra5.} Re8 $2 {[#]}
(30... Bh6 $11 31. Qa4 Rd6 $1) 31. Rae1 $2 ({And not} 31. Rxa7 Rxa7 32. Qxa7 d2
$15) (31. Ra5 $1 $18 {[%mdl 512]} Rxe7 (31... Qd8 32. Rxe8+) 32. Rxd5 cxd5 33.
Qxd3 {[%mdl 64] Double Attack}) 31... Rxe7 $15 32. Rxe7 Bf6 33. Re1 d2 $36 {
[%mdl 2048] Black fights for an advantage.} 34. Rd1 Be5 35. Qa4 {[%mdl 8192] 
[#]} ({Only move:} 35. Bxe5 $15 Qxe5+ 36. Kh3) 35... Qb5 $1 $19 {[%cal Rb5a4]}
36. Qa2+ (36. Qxb5 Bxf4+ 37. g3 cxb5 38. gxf4) 36... Kh8 {Weighted Error Value:
White=0.48/Black=0.20} 0-1